Quiz Wyspy Kanaryjskie - Statystyki

Ogólne statystyki
  • Ten quiz został rozwiązany 27 razy
  • Średni wynik to 3 z 7
Statystyki odpowiedzi
km2 odpowiedź % Poprawnych
2 034 Teneryfa
81%
1 660 Fuerteventura
57%
846 Lanzarote
57%
708 La Palma
48%
370 La Gomera
43%
1 560 Gran Ganaria
5%
296 Ei Hiero
0%
Nie znaleziono quizów pasujących do podanych kryteriów
Rozkład punktacji
Procent ludzi z każdym wynikiem
Percentyl według liczby udzielonych odpowiedzi
Twoja historia wyników
Nie rozwiązałeś tego quizu